000 01383nam a2200397 i 4500
001 21690
003 KOSZ 005
005 20200115082315.0
008 990421s1983 pl a f f |000 0 pol
015 _aPB 1983/3116
040 _aWA N
_cWA N
_dKOSZ 005/HR
041 0 _apol
046 _k1983
080 _a621.7
080 _a(075.8)
100 1 _aPełczyński, Tadeusz
_d(1906-1983)
_eAutor
245 1 0 _aTeoria procesów obróbki plastycznej.
_nCz. 2 /
_cTadeusz W. Pełczyński, Tadeusz A. Pełczyński.
260 _aWarszawa :
_bWydawnictwa Politechniki Warszawskiej,
_c1983.
300 _a219 s. :
_brys., wykr. ;
_c24 cm.
336 _2rdacontet
_aTekst
_btxt
337 _2rdamedia
_aBez urządzenia pośredniczącego
_bn
338 _2rdacarrier
_aWolumin
_bnc
380 _aKsiążki
380 _aPublikacje dydaktyczne
385 _mPoziom nauczania
_aSzkoły wyższe
388 _a1901-2000
388 _a1945-1989
650 7 _aMetale
650 7 _aObróbka plastyczna
655 7 _aPodręczniki akademickie
658 _aInżynieria i technika
700 1 _aPełczyński, Tadeusz Andrzej
_d(1938- )
_eAutor
710 2 _aOficyna Wydawnicza Politechniki Warszawskiej
_4pbl
856 _uhttp://koha.tu.koszalin.pl/cgi-bin/koha/opac-detail.pl?biblionumber=21690
_yKatalog online BPK
942 _2UKD
_cKS
999 _c21690
_d21690